[Event "Mistrzostwa Polski Juniorek Mlodszych do lat 14 - OOM Zachodniopomorskie 2023"]
[Site "Darlowek"]
[Date "1899-12-30"]
[Round "1.1"]
[White "Gajda, Anna"]
[Black "Natoli, Alessia"]
[Result "0-1"]
[WhiteTitle "I"]
[BlackTitle "k"]
[WhiteElo "1248"]
[BlackElo "1838"]

1. e4 c5 2. Nf3 e6 3. d4 cxd4 4. Nxd4 Nf6 5. Nc3 d6 6. Bg5 a6 7. Bc4 Be7 8. O-O
Qc7 9. Bb3 Nc6 10. Re1 O-O 11. Nf3 b5 12. a3 Bb7 13. Qe2 Rfe8 14. Rad1 Rad8 15.
h3 h6 16. Bh4 Nd7 17. Bxe7 Rxe7 18. Rd2 Nb6 19. Red1 Red7 20. a4 b4 21. Na2 d5
22. exd5 Nxd5 23. Bxd5 Rxd5 24. Rxd5 exd5 25. Qd2 a5 26. c3 Qb6 27. cxb4 axb4
28. Nd4 b3 29. Nc3 Qb4 30. Nxc6 Bxc6 31. Qd4 Qxd4 32. Rxd4 Kf8 33. f4 Ke7 34.
Kf2 Ke6 35. Ke3 Rb8 36. Ne2 Kd6 37. Nc3 Kc5 38. Kd3 Re8 39. g4 Re1 40. f5 Rh1
41. Rf4 Rxh3+ 42. Kd2 Rh2+ 43. Ne2 Bb7 44. Ke3 Ba6 45. Rf2 d4+ 46. Nxd4 Rxf2 47.
Nxb3+ Kb4 48. Kxf2 Kxb3 49. a5 Kxb2 50. Kg3 Kc3 51. Kf4 Kd4 52. g5 hxg5+ 53. Kxg5
Ke5 54. Kg4 f6 0-1

[Event "Mistrzostwa Polski Juniorek Mlodszych do lat 14 - OOM Zachodniopomorskie 2023"]
[Site "Darlowek"]
[Date "1899-12-30"]
[Round "1.2"]
[White "Gaszka, Zuzanna"]
[Black "Lukasik, Aleksandra"]
[Result "1-0"]
[WhiteTitle "I++"]
[BlackTitle "I"]
[WhiteElo "1740"]
[BlackElo "1236"]

1. e4 e6 2. d4 d5 3. Nc3 dxe4 4. Nxe4 Bd7 5. Nf3 Bc6 6. Bd3 Nd7 7. c3 Ngf6 8. Qe2
Nxe4 9. Bxe4 Bxe4 10. Qxe4 c6 11. O-O Nf6 12. Qc2 h6 13. Ne5 Bd6 14. f4 O-O 15.
Kh1 Qc7 16. Qe2 Rad8 17. Qf3 c5 18. Be3 b6 19. Rae1 Rfe8 20. Bf2 Rc8 21. f5 cxd4
22. Bxd4 Bc5 23. Bxc5 bxc5 24. Qg3 exf5 25. Rxf5 Re6 26. Ref1 Qb7 27. Rxf6 Rxf6
28. Rxf6 Qxb2 29. h3 Qc1+ 30. Kh2 Rf8 31. Rc6 Qg5 32. Qxg5 hxg5 33. Rxc5 f6 34.
Nc6 a6 35. Ra5 Ra8 36. c4 Kf7 37. Nb4 Rc8 38. c5 Rb8 39. Nxa6 Ra8 40. c6 Ke7 41.
c7 Kd6 42. Nb8 Rxa5 43. c8=Q Rc5 44. Qd7+ Ke5 45. Nc6+ Kf4 46. Qd4+ Kf5 47. Qxc5+
Kg6 48. Ne7+ Kf7 49. Nf5 Kg6 50. g4 Kh7 51. Qe7 Kg8 52. Qxg7# 1-0

[Event "Mistrzostwa Polski Juniorek Mlodszych do lat 14 - OOM Zachodniopomorskie 2023"]
[Site "Darlowek"]
[Date "1899-12-30"]
[Round "1.3"]
[White "Miklosz, Malgorzata"]
[Black "Moczala, Maja"]
[Result "0-1"]
[WhiteTitle "I"]
[BlackTitle "I++"]
[WhiteElo "1226"]
[BlackElo "1707"]

1. e4 c5 2. Nf3 Nc6 3. d4 cxd4 4. Nxd4 Nf6 5. Nc3 d6 6. Bg5 e6 7. Bb5 Bd7 8. Bxc6
Bxc6 9. Nxc6 bxc6 10. e5 dxe5 11. Qf3 e4 12. Nxe4 Qa5+ 13. Nc3 Qe5+ 14. Be3 Nd5
15. O-O Bd6 16. g3 O-O 17. Rfe1 Nxc3 18. Bd2 Qd5 19. Qxc3 Rfd8 20. Be3 Be5 21.
Qa3 Qb5 22. c3 a5 23. Rad1 Bf6 24. Bc1 h6 25. Kg2 Rxd1 26. Rxd1 Qe2 27. Qa4 Rc8
28. Rd6 Qe5 29. Bf4 Qc5 30. Rd7 Qb6 31. Qa3 c5 32. Kg1 Qb5 33. Ra7 Rd8 34. Qb3
Qe2 35. Kg2 Rd1 36. Ra8+ Kh7 37. Qb8 Qf1+ 38. Kf3 Rd8 39. Qxd8 Bxd8 40. Rxd8 Qh1+
41. Ke2 Qe4+ 42. Kd2 Qb1 43. Rb8 Qxa2 44. Kc2 a4 45. Bd6 Qc4 46. Rc8 Qe2+ 47.
Kc1 Qe1+ 48. Kc2 Qxf2+ 49. Kb1 c4 50. Ka2 Qb6 51. Bb4 e5 52. Rc5 e4 53. Re5 Qe3
54. Bc5 Qe2 55. h3 Qf3 56. g4 g6 57. Re8 g5 58. Bd4 f6 59. Re6 Kg6 60. Kb1 Kf7
61. Rc6 e3 62. Rxf6+ Qxf6 63. Bxf6 Kxf6 64. Kc1 Ke5 65. Kd1 Ke4 66. Ke2 Kf4 67.
Ke1 Kf3 68. Kf1 e2+ 69. Ke1 Ke3 70. h4 gxh4 71. g5 h3 72. g6 h2 73. g7 h1=Q# 0-1

[Event "Mistrzostwa Polski Juniorek Mlodszych do lat 14 - OOM Zachodniopomorskie 2023"]
[Site "Darlowek"]
[Date "1899-12-30"]
[Round "1.4"]
[White "Wojs, Alicja"]
[Black "Dzierzgowska, Jagoda"]
[Result "1-0"]
[WhiteTitle "I++"]
[BlackTitle "I"]
[WhiteElo "1639"]
[BlackElo "1219"]

1. e4 e6 2. d4 d5 3. Nd2 c5 4. exd5 exd5 5. Ngf3 Nc6 6. dxc5 Bxc5 7. Nb3 Bb6 8.
Bd3 Nge7 9. O-O O-O 10. c3 Bg4 11. Bxh7+ Kh8 12. Bd3 Rc8 13. Be2 Bf5 14. Nbd4
Nxd4 15. Nxd4 Bh7 16. Bg5 Bxd4 17. Qxd4 f6 18. Be3 Nc6 19. Qd2 b6 20. Rad1 Ne7
21. Rfe1 Be4 22. Ba6 Rc6 23. Bf4 Qa8 24. f3 Bf5 25. Rxe7 Qd8 26. Qxd5 Qxe7 27.
Qxc6 g5 28. Bg3 1-0

[Event "Mistrzostwa Polski Juniorek Mlodszych do lat 14 - OOM Zachodniopomorskie 2023"]
[Site "Darlowek"]
[Date "1899-12-30"]
[Round "1.5"]
[White "Walerjan, Ada"]
[Black "Obukhava, Anastasiya"]
[Result "0-1"]
[WhiteTitle "I"]
[BlackTitle "I"]
[WhiteElo "1219"]
[BlackElo "1610"]

1. e4 c5 2. Nf3 e6 3. d4 cxd4 4. Nxd4 Nf6 5. Bd3 Nc6 6. Nxc6 bxc6 7. Be3 d5 8.
e5 Nd7 9. f4 Bc5 10. Qe2 Qb6 11. Bxc5 Nxc5 12. b3 Nxd3+ 13. Qxd3 Qb4+ 14. Qd2
Qe4+ 15. Kf2 g5 16. fxg5 Qxe5 17. Qc3 Qxc3 18. Nxc3 Ke7 19. Rhe1 Rg8 20. Re5 f6
21. gxf6+ Kxf6 22. Rae1 Rg5 23. Rxg5 Kxg5 24. Na4 Kf6 25. g4 h6 26. Nc5 e5 27.
h3 e4 28. Ke3 Ke5 29. c3 h5 30. Rg1 hxg4 31. hxg4 Be6 32. Nxe6 Kxe6 33. Rf1 Rg8
34. Rg1 Rf8 35. Rg3 Ke5 36. b4 c5 37. g5 d4+ 38. cxd4+ cxd4+ 39. Ke2 Kf4 40. Rg1
d3+ 41. Kd1 Rg8 42. g6 e3 43. a4 Kf3 44. a5 Kf2 45. Rh1 Rxg6 46. b5 Rg1+ 47. Rxg1
Kxg1 48. Ke1 d2+ 49. Ke2 d1=Q+ 50. Kxd1 Kf1 51. b6 axb6 52. axb6 e2+ 53. Kc2 e1=Q
54. b7 Qb4 0-1

[Event "Mistrzostwa Polski Juniorek Mlodszych do lat 14 - OOM Zachodniopomorskie 2023"]
[Site "Darlowek"]
[Date "1899-12-30"]
[Round "1.6"]
[White "Duda, Aleksandra"]
[Black "Czarkowska, Dalia"]
[Result "1-0"]
[WhiteTitle "I++"]
[BlackTitle "I"]
[WhiteElo "1570"]
[BlackElo "1209"]

1. c4 Nf6 2. Nc3 c6 3. d4 d5 4. e3 Bf5 5. Nf3 e6 6. Bd3 Bxd3 7. Qxd3 Be7 8. b3
Nbd7 9. Bb2 O-O 10. O-O Qc7 11. e4 dxe4 12. Nxe4 Rad8 13. Qe2 Nxe4 14. Qxe4 Bf6
15. Rad1 Nb6 16. Rfe1 Rfe8 17. Qg4 Nd7 18. Ng5 h6 19. Ne4 Re7 20. d5 h5 21. Qxh5
Qf4 22. g3 Qb8 23. Nxf6+ Nxf6 24. Bxf6 gxf6 25. Re4 f5 26. Rh4 Qe5 27. Rg4+ Kf8
28. Qh6+ Ke8 29. Rg8+ Kd7 30. dxe6+ Kc7 31. Rgxd8 Rxe6 32. R1d7+ Kb6 33. Qd2 a5
34. Rxf7 Qa1+ 35. Kg2 Qe5 36. Qd4+ Qxd4 37. Rxd4 Re2 38. Rxf5 Rxa2 39. h4 Rb2
40. Rf3 Kc5 41. Rd7 b5 42. cxb5 cxb5 43. h5 a4 44. bxa4 bxa4 45. h6 Rb8 46. h7
Kb4 47. Rd4+ Ka5 48. g4 Rh8 49. Rd7 Kb4 50. Rb7+ Kc5 51. g5 Kd6 52. g6 Ke6 53.
g7 1-0

[Event "Mistrzostwa Polski Juniorek Mlodszych do lat 14 - OOM Zachodniopomorskie 2023"]
[Site "Darlowek"]
[Date "1899-12-30"]
[Round "1.7"]
[White "Mansz, Martyna"]
[Black "Klintsevich, Aliaksandra"]
[Result "0-1"]
[WhiteTitle "I"]
[BlackTitle "I"]
[WhiteElo "1208"]
[BlackElo "1541"]

1. d4 d5 2. c4 e6 3. Nf3 c6 4. g3 dxc4 5. Qc2 b5 6. a4 Nf6 7. Bg2 Bb7 8. O-O Be7
9. Rd1 O-O 10. e4 a6 11. axb5 cxb5 12. Ng5 Nc6 13. e5 Nb4 14. Qe2 Nfd5 15. Qh5
Bxg5 16. Bxg5 Qd7 17. Be4 f5 18. exf6 Nxf6 19. Bxf6 Bxe4 20. Qh4 Bf3 21. Be7 Rf7
22. Bxb4 Bxd1 23. Nd2 Bf3 24. Nxf3 Rxf3 25. Qe4 Qd5 26. Re1 Qxe4 27. Rxe4 Rb3
28. Ba5 Kf7 29. Re2 b4 30. Rc2 Rc8 31. Bb6 c3 32. bxc3 Rcxc3 33. Ra2 Rb1+ 34.
Kg2 b3 35. Rxa6 b2 36. Ra7+ Kg6 37. d5 Ra1 38. Re7 b1=Q 39. Bd4 Qf1# 0-1

[Event "Mistrzostwa Polski Juniorek Mlodszych do lat 14 - OOM Zachodniopomorskie 2023"]
[Site "Darlowek"]
[Date "1899-12-30"]
[Round "1.8"]
[White "Kawka, Milena"]
[Black "Doskocz, Dominika"]
[Result "1-0"]
[WhiteTitle "I+"]
[BlackTitle "I"]
[WhiteElo "1522"]
[BlackElo "1193"]

1. e4 e5 2. Nf3 Nc6 3. d4 exd4 4. Nxd4 Bc5 5. Nb3 Bb6 6. Nc3 d6 7. Qe2 h6 8. Be3
Bxe3 9. Qxe3 Nf6 10. O-O-O Be6 11. f3 Qe7 12. g4 a6 13. Nd4 Nxd4 14. Qxd4 O-O-O
15. Qa7 Rhe8 16. Qa8+ Kd7 17. Qxb7 Ra8 18. e5 Ng8 19. Rxd6+ Qxd6 20. exd6 Kxd6
21. Ne4+ Kd7 22. Nc5+ Kd6 23. Nxe6 fxe6 24. Bc4 Nf6 25. Rd1+ Ke7 26. Qxc7+ Kf8
27. Qd6+ 1-0

[Event "Mistrzostwa Polski Juniorek Mlodszych do lat 14 - OOM Zachodniopomorskie 2023"]
[Site "Darlowek"]
[Date "1899-12-30"]
[Round "1.9"]
[White "Mitrega, Lena"]
[Black "Konkol, Sandra"]
[Result "0-1"]
[WhiteTitle "II"]
[BlackTitle "I+"]
[WhiteElo "1187"]
[BlackElo "1468"]

1. e4 e5 2. Nf3 d6 3. h3 Nf6 4. Nc3 Be7 5. Bc4 O-O 6. O-O c6 7. d3 a5 8. a3 b5
9. Ba2 b4 10. Ne2 Nbd7 11. axb4 d5 12. exd5 cxd5 13. Bd2 axb4 14. c3 bxc3 15.
Nxc3 Bb7 16. Re1 d4 17. Ne4 Nxe4 18. dxe4 Bd6 19. b4 Nf6 20. Qc2 Re8 21. Ng5 Re7
22. Nf3 Qb6 23. Ng5 Qc7 24. Qd3 h6 25. Nf3 Qc6 26. b5 Qb6 27. Nh2 Nd7 28. Bd5
Bxd5 29. exd5 Rxa1 30. Rxa1 e4 31. Qc4 e3 32. Be1 d3 33. Ra6 d2 34. Bxd2 exd2
35. Ra8+ Nf8 36. Qc8 d1=Q+ 37. Nf1 Qxf1+ 38. Kxf1 Qxb5+ 39. Kg1 Re1# 0-1

[Event "Mistrzostwa Polski Juniorek Mlodszych do lat 14 - OOM Zachodniopomorskie 2023"]
[Site "Darlowek"]
[Date "1899-12-30"]
[Round "1.10"]
[White "Kicinska, Anna"]
[Black "Swiderska, Jagoda"]
[Result "1-0"]
[WhiteTitle "I++"]
[BlackTitle "I"]
[WhiteElo "1424"]
[BlackElo "1186"]

1. d4 f5 2. c4 e6 3. Nf3 Nf6 4. e3 Be7 5. Nc3 Ne4 6. Qc2 Nxc3 7. Qxc3 a5 8. a3
O-O 9. b3 Nc6 10. Bb2 d6 11. Be2 Bf6 12. Rd1 Qe7 13. b4 g5 14. b5 Nd8 15. h3 b6
16. Nd2 Qg7 17. Bf3 Rb8 18. e4 Nf7 19. Nf1 g4 20. hxg4 fxg4 21. Be2 Bb7 22. Ng3
e5 23. d5 Bc8 24. Bc1 Bg5 25. Bxg5 Nxg5 26. Qe3 Bd7 27. Rh5 Nf7 28. Kd2 Rfd8 29.
Rdh1 Kf8 30. Rxh7 Qg6 31. R7h5 Ke7 32. Nf5+ Bxf5 33. exf5 Qf6 34. Bxg4 Rh8 35.
Rxh8 Rxh8 36. Rxh8 Qxh8 37. Qh3 Qxh3 38. Bxh3 Kf6 39. Ke3 a4 40. g4 Kg5 41. f3
Kf6 42. Bf1 Ng5 43. Bd3 Nh3 44. Bc2 Nf4 45. Bxa4 Ng2+ 46. Kf2 Nf4 47. Bc2 Nh3+
48. Kg3 Ng5 49. Be4 Nf7 50. Kh4 Ng5 51. Kh5 Nf7 52. a4 Ng5 53. Kh6 Nf7+ 54. Kh7
Nd8 55. g5+ Kxg5 56. Kg7 Kf4 57. f6 Ke3 58. Kf8 Kd4 59. Ke7 1-0

[Event "Mistrzostwa Polski Juniorek Mlodszych do lat 14 - OOM Zachodniopomorskie 2023"]
[Site "Darlowek"]
[Date "1899-12-30"]
[Round "1.11"]
[White "Bastrzyk, Kinga"]
[Black "Chmielek, Kamelia"]
[Result "0-1"]
[WhiteTitle "II+"]
[BlackTitle "I+"]
[WhiteElo "1175"]
[BlackElo "1420"]

1. e4 e5 2. Nf3 Nc6 3. Bc4 Bc5 4. c3 Nf6 5. O-O Nxe4 6. d4 d5 7. Nxe5 Nxe5 8. Bb3
Bb6 9. dxe5 Be6 10. Nd2 Nc5 11. Bc2 Qh4 12. Nf3 Qh5 13. h3 O-O-O 14. Ng5 Qxd1
15. Rxd1 h6 16. Nxe6 fxe6 17. Be3 Nd7 18. Bxb6 Nxb6 19. Bb3 c5 20. Rd2 Rhf8 21.
g3 g5 22. Re1 Kc7 23. Kg2 Rf7 24. Re3 Rdf8 25. a4 a5 26. Ba2 Kc6 27. b3 Nc8 28.
Bb1 Ne7 29. Bd3 Kc7 30. Bc2 h5 31. f3 Rg7 32. Rf2 Nc6 33. Re1 Rd8 34. Rd1 d4 35.
cxd4 Nxd4 36. Rfd2 h4 37. g4 Rd5 38. Re1 Nxf3 39. Kxf3 Rxd2 40. Be4 Rf7+ 41. Ke3
Rh2 42. Rh1 Rxh1 43. Bxh1 Rf1 44. Be4 Re1+ 45. Kd3 b5 46. Bg2 bxa4 47. bxa4 Rxe5
48. Be4 Rxe4 49. Kxe4 Kd6 50. Kd3 Kd5 51. Kc3 c4 52. Kc2 Kd4 53. Kd2 e5 54. Ke2
c3 55. Kd1 Kd3 56. Kc1 c2 57. Kb2 Kd2 58. Kb3 c1=Q 59. Ka2 Qc4+ 60. Kb2 Qb4+ 61.
Ka1 Kc2 62. Ka2 Qb2# 0-1

[Event "Mistrzostwa Polski Juniorek Mlodszych do lat 14 - OOM Zachodniopomorskie 2023"]
[Site "Darlowek"]
[Date "1899-12-30"]
[Round "1.12"]
[White "Michalska, Lena"]
[Black "Kretowicz, Daria"]
[Result "1-0"]
[WhiteTitle "I"]
[BlackTitle "I"]
[WhiteElo "1405"]
[BlackElo "1163"]

1. d4 Nf6 2. c4 c5 3. d5 b5 4. b3 d6 5. Nd2 g6 6. Bb2 Bg7 7. e4 Nbd7 8. Ngf3 Qc7
9. Qc2 O-O 10. Bd3 Bb7 11. O-O b4 12. Rfe1 a5 13. e5 dxe5 14. Nxe5 Nxe5 15. Bxe5
Qd7 16. Qb2 a4 17. bxa4 Rxa4 18. Ne4 Ra5 19. Nxf6+ exf6 20. Bxf6 Bxf6 21. Qxf6
Ra3 22. Bc2 Ba6 23. Bb3 Qg4 24. h3 Qd7 25. Re7 Qd8 26. Rae1 Bc8 27. Qc6 Qa5 28.
Re8 Bf5 29. Rxf8+ Kxf8 30. Qf6 1-0

[Event "Mistrzostwa Polski Juniorek Mlodszych do lat 14 - OOM Zachodniopomorskie 2023"]
[Site "Darlowek"]
[Date "1899-12-30"]
[Round "1.13"]
[White "Woytitzki, Sophie"]
[Black "Borowik, Monika"]
[Result "0-1"]
[WhiteTitle "II"]
[BlackTitle "I"]
[WhiteElo "1156"]
[BlackElo "1372"]

1. e4 c5 2. Nf3 d6 3. d4 cxd4 4. Nxd4 Nf6 5. Nc3 a6 6. g3 Nc6 7. Bg2 e5 8. Nde2
Be7 9. O-O O-O 10. h3 b5 11. Be3 Na5 12. b3 Bb7 13. f4 b4 14. Na4 Nd7 15. Qd2
Bc6 16. Qxb4 d5 17. Qd2 Bxa4 18. bxa4 Nc4 19. Qd3 Nxe3 20. Rf3 dxe4 21. Qxe4 Nxg2
22. Kxg2 Qc7 23. Nc3 Rac8 24. Re1 Qa5 25. Nd5 Bd6 26. fxe5 Nxe5 27. Rf5 Rc4 28.
Ne7+ Bxe7 29. Qxe5 Rc5 30. Qxe7 Rxf5 31. g4 Qd2+ 32. Re2 Qd5+ 33. Kh2 Rf1 34.
Kg3 Qf3+ 35. Kh4 Qf6+ 36. Qxf6 Rxf6 37. Re4 g6 38. Kg5 Rc6 39. Kh6 Rxc2 40. h4
Rg2 41. a3 Rh2 42. h5 gxh5 43. a5 hxg4+ 44. Kg5 f6+ 45. Kxg4 f5+ 46. Kg3 fxe4
47. Kxh2 e3 48. a4 e2 49. Kg2 e1=Q 50. Kh3 Rf2 51. Kg4 Qg1+ 52. Kh3 Rh2# 0-1

[Event "Mistrzostwa Polski Juniorek Mlodszych do lat 14 - OOM Zachodniopomorskie 2023"]
[Site "Darlowek"]
[Date "1899-12-30"]
[Round "1.14"]
[White "Rusiecki, Katarzyna"]
[Black "Rduch, Diana"]
[Result "1-0"]
[WhiteTitle "I+"]
[BlackTitle "I"]
[WhiteElo "1370"]
[BlackElo "1128"]

1. d4 d5 2. c4 e6 3. Nf3 Nf6 4. Bg5 Nbd7 5. Nc3 c6 6. cxd5 exd5 7. e3 Bd6 8. Bd3
O-O 9. O-O Re8 10. a3 Qc7 11. Rc1 a6 12. Qc2 h6 13. Bh4 Qd8 14. Na4 Be7 15. b4
Nb6 16. Nc5 Ne4 17. Bxe7 Qxe7 18. Ne5 f6 19. Ng6 Qf7 20. Nxe4 dxe4 21. Bxe4 Rxe4
22. Qxe4 f5 23. Qh4 Qxg6 24. Qd8+ Kh7 25. Qxb6 f4 26. Qc5 Bh3 27. Qc2 Bf5 28.
Qd1 Bg4 29. f3 Bh3 30. Qc2 Bf5 31. e4 Be6 32. Qd2 Qf7 33. Rc5 Rd8 34. d5 cxd5
35. exd5 Rxd5 36. Rxd5 Bxd5 37. Qd3+ Kg8 38. Rd1 Bc6 39. Qc2 Qc7 40. Qc5 Qf7 41.
Rd8+ Kh7 42. Rf8 Qe6 43. Qf5+ Qxf5 44. Rxf5 g5 45. Kf2 Kg6 46. Rf8 h5 47. h4 gxh4
48. Rxf4 Kg5 49. Rd4 Bb5 50. Kg1 Bc6 51. Kh2 Be8 52. Kh3 Bb5 53. Rxh4 Bf1 54.
Kg3 Be2 55. Re4 Bb5 56. Re5+ Kg6 57. Kh4 Bf1 58. Rxh5 Kf6 59. g4 Be2 60. Rf5+
1-0

[Event "Mistrzostwa Polski Juniorek Mlodszych do lat 14 - OOM Zachodniopomorskie 2023"]
[Site "Darlowek"]
[Date "1899-12-30"]
[Round "1.15"]
[White "Oleksiuk, Anna"]
[Black "Nurkiewicz, Anna"]
[Result "1-0"]
[WhiteTitle "II"]
[BlackTitle "I+"]
[WhiteElo "1119"]
[BlackElo "1361"]

1. e4 c5 2. Nf3 g6 3. d4 cxd4 4. Qxd4 Nf6 5. Nc3 Nc6 6. Qd1 d6 7. Bc4 Bg7 8. Bf4
O-O 9. Qd2 Ng4 10. h3 Nge5 11. Bd5 Nxf3+ 12. gxf3 Nd4 13. O-O-O Nxf3 14. Qe3 Ne5
15. Bxe5 Bxe5 16. f4 Bg7 17. h4 Qc7 18. Bb3 Qc5 19. Qxc5 dxc5 20. Nd5 e6 21. Ne7+
Kh8 22. h5 Re8 23. hxg6 fxg6 24. Nxg6+ Kg8 25. Ne5 b5 26. c3 Bb7 27. Rhg1 Bxe4
28. Rd7 c4 29. Rdxg7+ Kf8 30. Nd7# 1-0

[Event "Mistrzostwa Polski Juniorek Mlodszych do lat 14 - OOM Zachodniopomorskie 2023"]
[Site "Darlowek"]
[Date "1899-12-30"]
[Round "1.16"]
[White "Strzoda, Natalia"]
[Black "Kawala, Camilla"]
[Result "1-0"]
[WhiteTitle "I"]
[BlackTitle "II"]
[WhiteElo "1348"]
[BlackElo "1110"]

1. e4 e5 2. Nf3 Nc6 3. d4 exd4 4. Nxd4 d6 5. Nc3 Nf6 6. Bb5 Bd7 7. f3 Be7 8. Be3
a6 9. Bc4 Nxd4 10. Qxd4 b5 11. Bd5 c6 12. Bb3 c5 13. Qd2 c4 14. Bxc4 bxc4 15.
g4 Bc6 16. O-O-O Nd7 17. h4 Ne5 18. Qf2 Qc7 19. Bd4 f6 20. f4 Nxg4 21. Qg3 h5
22. Rhe1 O-O-O 23. Qg1 Rhe8 24. Bb6 Qb8 25. Bxd8 Bxd8 26. Qd4 Bb5 27. Nxb5 axb5
28. Qd5 Qb6 29. Qxh5 Nf2 30. Qxe8 Nxd1 31. Rxd1 b4 32. Qe6+ Kc7 33. Qxc4+ Qc5
34. Qxc5+ dxc5 35. Rg1 g5 36. hxg5 fxg5 37. fxg5 Kd6 38. g6 Bf6 39. g7 Bxg7 40.
Rxg7 Ke5 1-0

[Event "Mistrzostwa Polski Juniorek Mlodszych do lat 14 - OOM Zachodniopomorskie 2023"]
[Site "Darlowek"]
[Date "1899-12-30"]
[Round "1.17"]
[White "Szczepanska, Jagoda"]
[Black "Palejko, Gabriela"]
[Result "0-1"]
[WhiteTitle "II+"]
[BlackTitle "I"]
[WhiteElo "1107"]
[BlackElo "1344"]

1. e4 e5 2. Nf3 Nc6 3. Nc3 Nf6 4. d4 exd4 5. Nxd4 Bb4 6. Nxc6 bxc6 7. Bd3 d5 8.
exd5 cxd5 9. O-O O-O 10. Bg5 c6 11. Qf3 Be7 12. h3 Be6 13. Rfe1 Rb8 14. Rab1 Qd7
15. a3 c5 16. Red1 Rfc8 17. Bb5 Rxb5 18. Nxb5 Qxb5 19. Qf4 d4 20. Qe5 Nd7 21.
Qf4 Bxg5 22. Qxg5 Ba2 23. Rbc1 h6 24. Qe7 Be6 25. b3 Qb6 26. Re1 Nf6 27. Re5 Nd5
28. Qh4 Qa5 29. Rce1 Qxa3 30. Qe4 Rd8 31. Qh4 Rf8 32. Qe4 Nf6 33. Qc6 Rc8 34.
Qd6 Kh7 35. R5e2 Qa5 36. Qg3 Bf5 37. Qf3 Bxc2 38. Re7 Qb4 39. R1e2 Qxb3 40. Qxb3
Bxb3 41. Rb2 c4 42. Rxf7 c3 43. Rb1 c2 44. Rf1 d3 45. Rxa7 c1=Q 0-1

[Event "Mistrzostwa Polski Juniorek Mlodszych do lat 14 - OOM Zachodniopomorskie 2023"]
[Site "Darlowek"]
[Date "1899-12-30"]
[Round "1.18"]
[White "Pawlikowska, Ewa"]
[Black "Lecka, Hanna"]
[Result "1-0"]
[WhiteTitle "I"]
[BlackTitle "II+"]
[WhiteElo "1343"]
[BlackElo "1105"]

1. e4 c6 2. d4 d5 3. exd5 cxd5 4. Bd3 Nc6 5. c3 Nf6 6. Nf3 Bg4 7. O-O e6 8. Nbd2
Bd6 9. h3 Bxf3 10. Nxf3 O-O 11. Re1 h6 12. Ne5 Qc7 13. f4 Nd7 14. Qg4 Nf6 15.
Qh4 Rfe8 16. Kh1 Kf8 17. g4 Be7 18. g5 Ng8 19. Qh5 Nxe5 20. fxe5 Bxg5 21. Bxg5
hxg5 22. Qxg5 Qe7 23. Qg3 Nh6 24. Rg1 g6 25. Bxg6 f5 26. Bxe8 Kxe8 27. Qg7 Qh4
28. Qg3 Qe4+ 29. Rg2 f4 30. Qg6+ Qxg6 31. Rxg6 1-0

[Event "Mistrzostwa Polski Juniorek Mlodszych do lat 14 - OOM Zachodniopomorskie 2023"]
[Site "Darlowek"]
[Date "1899-12-30"]
[Round "1.19"]
[White "Pietrzak, Antonina"]
[Black "Opalka, Marta"]
[Result "1-0"]
[WhiteTitle "I"]
[BlackTitle "I"]
[WhiteElo "1104"]
[BlackElo "1330"]

1. e4 e6 2. d4 d5 3. e5 c5 4. c3 Nc6 5. Nf3 Qb6 6. a3 Bd7 7. b4 cxd4 8. cxd4 Nh6
9. Bb2 Nf5 10. Be2 Be7 11. O-O Rc8 12. Qd2 O-O 13. Rd1 a6 14. Nc3 Rc7 15. Na4
Qa7 16. Nc5 Rfc8 17. Bd3 h6 18. Bxf5 exf5 19. Nxd7 Rxd7 20. Qf4 Rdc7 21. Qxf5
g6 22. Qf4 Kg7 23. Re1 Nd8 24. Rac1 Ne6 25. Qd2 g5 26. Rxc7 Rxc7 27. Rc1 g4 28.
Rxc7 Nxc7 29. Ne1 Nb5 30. Qf4 h5 31. Nc2 f6 32. Ne3 fxe5 33. dxe5 b6 34. e6+ d4
35. Qf7+ Kh8 36. Nf5 Bg5 37. e7 Qxe7 38. Nxe7 Bxe7 39. Qxe7 1-0

[Event "Mistrzostwa Polski Juniorek Mlodszych do lat 14 - OOM Zachodniopomorskie 2023"]
[Site "Darlowek"]
[Date "1899-12-30"]
[Round "1.20"]
[White "Branka, Julia"]
[Black "Szczap, Malgorzata"]
[Result "1-0"]
[WhiteTitle "I"]
[BlackTitle "II"]
[WhiteElo "1324"]
[BlackElo "1103"]

1. c4 e6 2. g3 d5 3. Bg2 Nf6 4. Nf3 c5 5. O-O Nc6 6. b3 b6 7. Bb2 Be7 8. e3 O-O
9. Nc3 Bb7 10. cxd5 Nxd5 11. Nxd5 exd5 12. d4 Bf6 13. Rc1 Rc8 14. Qd2 Nb4 15.
a3 Na6 16. Rfd1 Re8 17. Ne5 Bxe5 18. dxe5 Nc7 19. Qc3 Ne6 20. Qd3 Nc7 21. f4 a6
22. Qe2 Qe7 23. f5 Qd7 24. Qg4 g6 25. e6 fxe6 26. fxg6 Rf8 27. gxh7+ Kf7 28. Rf1+
Ke7 29. Qg7+ Kd6 30. Rxf8 Qxg7 31. Bxg7 Rxf8 32. Bxf8+ Kc6 33. h8=Q b5 34. Bxc5
Kd7 35. Qg7+ Kd8 36. Rf1 Kc8 37. Rf8+ Ne8 38. Rxe8# 1-0

[Event "Mistrzostwa Polski Juniorek Mlodszych do lat 14 - OOM Zachodniopomorskie 2023"]
[Site "Darlowek"]
[Date "1899-12-30"]
[Round "1.21"]
[White "Socha, Maja"]
[Black "Wieczorek, Maja"]
[Result "0-1"]
[WhiteTitle "II+"]
[BlackTitle "I"]
[WhiteElo "1073"]
[BlackElo "1308"]

1. d4 Nf6 2. c4 g6 3. Nc3 Bg7 4. e4 O-O 5. Nf3 d6 6. Bg5 h6 7. Be3 e5 8. d5 a5
9. Be2 Na6 10. O-O Ng4 11. Bc1 Nc5 12. h3 Nf6 13. Be3 Nfxe4 14. Nxe4 Nxe4 15.
Bd3 Nc5 16. Bc2 Qf6 17. Qd2 Kh7 18. Ng5+ Kg8 19. Ne4 Nxe4 20. Bxe4 Qh4 21. Qc2
f5 22. Bf3 e4 23. Be2 Bd7 24. c5 f4 25. Qxe4 Qg5 26. Bd2 Bxh3 27. Qf3 Bd7 28.
Bc3 dxc5 29. Bxg7 Kxg7 30. Qc3+ Kh7 31. Bf3 b6 32. Rfe1 Rae8 33. Rad1 h5 34. d6
Rxe1+ 35. Qxe1 Re8 36. Qd2 cxd6 37. Qxd6 Bg4 38. Qd2 Bd7 39. Qd6 Bg4 40. Bxg4
Qxg4 41. f3 Qg5 42. Qxb6 Re2 43. Qb7+ Kh6 44. g4 Qh4 45. g5+ Qxg5+ 46. Kf1 Qg2#
0-1

[Event "Mistrzostwa Polski Juniorek Mlodszych do lat 14 - OOM Zachodniopomorskie 2023"]
[Site "Darlowek"]
[Date "1899-12-30"]
[Round "1.22"]
[White "Oszutowska, Anna"]
[Black "Cheda, Julia"]
[Result "1-0"]
[WhiteTitle "I"]
[BlackTitle "II"]
[WhiteElo "1299"]
[BlackElo "1068"]

1. e4 c6 2. d4 d5 3. Nc3 dxe4 4. Nxe4 Bf5 5. Ng3 Bg6 6. h4 h5 7. Nf3 Nd7 8. Bd3
Bxd3 9. Qxd3 Ngf6 10. Bd2 e6 11. O-O-O b5 12. Rhe1 Be7 13. Kb1 a5 14. Ne4 b4 15.
Nxf6+ Nxf6 16. Ne5 Qc7 17. Qc4 Rc8 18. f4 Nd5 19. g3 a4 20. c3 Qb6 21. cxb4 Bxb4
22. Bxb4 Qxb4 23. Qxb4 Nxb4 24. a3 Nd5 25. Rc1 Ne7 26. Rc4 Nf5 27. Rxa4 Nxg3 28.
Rc4 Nf5 29. b4 Ke7 30. Nxc6+ Kd6 31. b5 Ne7 32. Rec1 Nxc6 33. Rxc6+ Rxc6 34. Rxc6+
Kd5 35. a4 Ra8 36. Ra6 Rxa6 37. bxa6 Kc6 38. Kc2 Kb6 39. Kd3 Kxa6 40. Ke4 Ka5
41. f5 exf5+ 42. Kxf5 Kxa4 43. Ke5 Kb5 44. Kd6 f5 45. Ke5 g6 46. d5 Kc5 47. d6
Kc6 48. Ke6 Kb7 49. d7 Kc7 50. Ke7 1-0

[Event "Mistrzostwa Polski Juniorek Mlodszych do lat 14 - OOM Zachodniopomorskie 2023"]
[Site "Darlowek"]
[Date "1899-12-30"]
[Round "1.23"]
[White "Gancarz, Julia"]
[Black "Walewska, Natalia"]
[Result "0-1"]
[WhiteTitle "II"]
[BlackTitle "I"]
[WhiteElo "1057"]
[BlackElo "1297"]

1. e4 e5 2. Nf3 Nc6 3. Bc4 Bc5 4. c3 Nf6 5. d4 exd4 6. cxd4 Bb4+ 7. Bd2 Bxd2+ 8.
Nbxd2 d5 9. exd5 Nxd5 10. h3 O-O 11. O-O Nb6 12. Re1 Nxd4 13. Nxd4 Qxd4 14. Qc2
Nxc4 15. Nxc4 Qf6 16. a3 Bf5 17. Qc3 Qxc3 18. bxc3 Rfe8 19. Re5 Rxe5 20. Nxe5
Re8 21. Nf3 c6 22. Rd1 Kf8 23. Rd2 Ke7 24. Rb2 Bc8 25. Re2+ Be6 26. Kf1 Rd8 27.
Re4 Rd3 28. Ra4 a6 29. c4 c5 30. Ke2 Rd8 31. Ra5 Kd6 32. Kd3 Kc6+ 33. Kc3 Kb6
34. Ra4 Bd7 0-1

[Event "Mistrzostwa Polski Juniorek Mlodszych do lat 14 - OOM Zachodniopomorskie 2023"]
[Site "Darlowek"]
[Date "1899-12-30"]
[Round "1.24"]
[White "Babinska, Liwia"]
[Black "Wrona, Faustyna"]
[Result "1-0"]
[WhiteTitle "I"]
[BlackTitle "II+"]
[WhiteElo "1294"]
[BlackElo "1046"]

1. e4 e5 2. Nf3 Nc6 3. Bc4 Bc5 4. c3 Nf6 5. d3 O-O 6. O-O d6 7. h3 Be6 8. Bb3 Qd7
9. d4 Bxb3 10. axb3 exd4 11. cxd4 Bb6 12. Nc3 Rfe8 13. Re1 Re7 14. Bg5 Rae8 15.
Bxf6 gxf6 16. Nd5 Re6 17. Nxb6 axb6 18. d5 Rxe4 19. dxc6 Rxe1+ 20. Nxe1 Qxc6 21.
Nc2 Qe4 22. Ne3 Re5 23. Ng4 Re6 24. Nh6+ Kg7 25. Qh5 Qg6 26. Nf5+ Kf8 27. Ra8+
Re8 28. Rxe8+ Kxe8 29. Qe2+ Kd7 30. Qe7+ Kc6 31. Qe8+ Kc5 32. Qe4 Qg5 33. Qc4#
1-0